Análisis de los estilos de liderazgos que prevalecen en los directores de centros educativos de media del Distrito 15-05, Santo Domingo Oeste. (Record no. 127)

MARC details
000 -LEADER
campo de control de longitud fija 03044nam a2200553Ia 4500
001 - NÚMERO DE CONTROL
campo de control 147
008 - DATOS DE LONGITUD FIJA--INFORMACIÓN GENERAL
campo de control de longitud fija 241029s9999 xx 000 0 und d
010 ## - NÚMERO DE CONTROL DE LA BIBLIOTECA DEL CONGRESO
Número de control de LC 127
041 ## - CÓDIGO DE IDIOMA
Código de lengua del texto/banda sonora o título independiente Español
082 ## - NÚMERO DE LA CLASIFICACIÓN DECIMAL DEWEY
Número de clasificación ISFODOSU TMGC12-0019BFEM EJ.1
245 #0 - MENCIÓN DEL TÍTULO
Título Análisis de los estilos de liderazgos que prevalecen en los directores de centros educativos de media del Distrito 15-05, Santo Domingo Oeste.
260 ## - PUBLICACIÓN, DISTRIBUCIÓN, ETC.
Lugar de publicación, distribución, etc. Santo Domingo
300 ## - DESCRIPCIÓN FÍSICA
Extensión 96
520 ## - RESUMEN, ETC.
Sumario, etc. 9
520 ## - RESUMEN, ETC.
Sumario, etc. En esta investigación sobre el liderazgo institucional y organizacional de los centros de Media del Distrito 15-05. Aplicamos algunos métodos conocidos en la Ciencia Sociales, como los métodos inductivos, deductivos y en algunos casos el método analítico.El Distrito 15-05 cuenta con veinte y dos (22) centros públicos de los cuales tomamos como muestra tres (3) centros, cada uno en representación de las distintas modalidades. La población objeto de estudio estuvo conformada por tres (3) directores, sesenta (60) docentes, sesenta (60) padres; los cuales fueron escogidos al azar y de una representación de la Sociedad del Padres. Ya que los centros no tiene computarizado la cantidad de padres por alumno, igualmente en la fuente trabajada se tomó trescientos treinta y dos (332) estudiantes de ambos sexos.Luego de analizar estos instrumentos aplicados a la investigación, llegamos a la conclusión de que los directores de los tres Centros trabajados, cuentan con el apoyo masivo de su personal. Por lo tanto, queda demostrado que el liderazgo de los gestores es funcional. De igual forma, los estudiantes en la gran mayoría expresaron su satisfacción con el trato recibido por los directores y el personal del Centro. Otro dato que arroja esta investigación es la buena organización que se notaría en los tres (3) centros trabajados, el clima de trabajo es favorable, los directores de los tres (3) centros son relativamente jóvenes en el sistema y con una experiencia laboral aceptable.
630 ## - PUNTO DE ACCESO ADICIONAL DE MATERIA--TÍTULO UNIFORME
Título uniforme Comunidad Educativa
630 ## - PUNTO DE ACCESO ADICIONAL DE MATERIA--TÍTULO UNIFORME
Título uniforme Directores de Escuelas
630 ## - PUNTO DE ACCESO ADICIONAL DE MATERIA--TÍTULO UNIFORME
Título uniforme Liderazgo
650 ## - PUNTO DE ACCESO ADICIONAL DE MATERIA--TÉRMINO DE MATERIA
Término de materia o nombre geográfico como elemento de entrada Gestión Educativa
690 ## - PUNTO DE ACCESO ADICIONAL DE MATERIA LOCAL--TÉRMINO DE MATERIA (OCLC, RLIN)
Término de materia o nombre geográfico como elemento inicial Copiado sin cambios
700 ## - ENTRADA AGREGADA--NOMBRE PERSONAL
Término indicativo de función/relación asesor
Nombre de persona Paulino, Laura
700 ## - ENTRADA AGREGADA--NOMBRE PERSONAL
Término indicativo de función/relación autor
Nombre de persona López Pozo, Miguelina Altagracia
700 ## - ENTRADA AGREGADA--NOMBRE PERSONAL
Término indicativo de función/relación autor
Nombre de persona Rojas Rosa, Fior D´aliza
901 ## - ELEMENTOS DE DATOS A LOCAL LDA (RLIN)
a {"1":"López Pozo","2":"Rojas Rosa"}
b {"1":"Miguelina Altagracia","2":"Fior D´aliza "}
902 ## - ELEMENTOS DE DATOS B LOCAL, LDB (RLIN)
a 1
903 ## - ELEMENTOS DE DATOS C LOCAL, LDC (RLIN)
a {"1":"Paulino"}
b {"1":"Laura"}
904 ## - ELEMENTOS DE DATOS D LOCAL, LDD (RLIN)
a Maestría en
905 ## - ELEMENTOS DE DATOS E LOCAL, LDE (RLIN)
a Gestión de Centros Educativos
906 ## - ELEMENTOS DE DATOS F LOCAL, LDF (RLIN)
a 2
907 ## - ELEMENTOS DE DATOS G LOCAL, LDG (RLIN)
a NO APLICA
908 ## - COLOCAR PARÁMETRO DE COMANDO (RLIN)
Colocar parámetro de comando NO APLICA
909 ## -
-- ISFODOSU, Recinto Félix Evaristo Mejía
910 ## - DATOS DE OPCIÓN DEL USUARIO (OCLC)
Datos de opción del usuario NULL
-- NULL
911 ## - EQUIVALENCIA O REFERENCIA-CRUZADA-NOMBRE DE CONFERENCIA O REUNIÓN/CONGRESO [LOCAL, CANADÁ]
Nombre de congreso/reunión o jurisdicción como elemento de entrada ["1"]
912 ## -
-- NO APLICA
913 ## -
-- NULL
914 ## -
-- 01 de Junio de 2012
915 ## -
-- 05/11/19 05:11
916 ## -
-- NULL
917 ## -
-- NULL
918 ## -
-- NO APLICA
919 ## -
-- ["45","66","131"]
921 ## -
-- 16
922 ## -
-- 16
923 ## -
-- 0
924 ## -
-- NO APLICA
942 ## - ELEMENTOS DE ENTRADA SECUNDARIOS (KOHA)
Tipo de ítem Koha

No items available.

© 2024. Todos los Derechos Reservados. Desarrollado por IDEICE